| 000 | 00723nam a2200241 i 4500 | ||
|---|---|---|---|
| 003 | DO-SdBNP | ||
| 005 | 20241118125851.0 | ||
| 007 | ta | ||
| 008 | 210902b 2018 dr a 00| 0 eng d | ||
| 020 | _a9789945169188 | ||
| 040 |
_aDO-SdBNP _bspa _cBNPHU _erda |
||
| 082 | 4 |
_axxx _2xxx _b22 |
|
| 100 | 1 |
_aMedina, Aquilino, _eautor _4aut. _953966 |
|
| 245 | 1 | 0 |
_aCuentos de nadie / _cAquilino Medina |
| 264 | 4 |
_aSanto Domingo : _bBúho _c2018. |
|
| 300 |
_a109 páginas : _bilustraciones ; _c22 cm. |
||
| 336 |
_atexto _btxt _2rdacontent |
||
| 337 |
_asin mediación _bn _2rdamedia |
||
| 338 |
_avolumen _bnc _2rdacarrier |
||
| 590 | _aInventariado, 2021/BT | ||
| 910 | _aBtavárez/Validado. Control de calidad MFF | ||
| 942 |
_2ddc _cLBS1 |
||
| 999 |
_c50388 _d50388 |
||